Формирование нитевидных кристаллов в промежуточных продуктах горения в воздухе нанопорошка алюминия и его смесей с нанопорошками молибдена и вольфрама; Известия Томского политехнического университета [Известия ТПУ]; Т. 310, № 2
| Parent link: | Известия Томского политехнического университета [Известия ТПУ]/ Томский политехнический университет (ТПУ).— , 2000- Т. 310, № 2.— 2007.— [С. 77-80] |
|---|---|
| Hovedforfatter: | |
| Andre forfattere: | |
| Summary: | Заглавие с титульного листа Электронная версия печатной публикации Изучены характеристики и фазовый состав промежуточных продуктов синтеза сжиганием в воздухе смесей нанопорошков алюминия с молибденом и вольфрамом. Установлено, что в определенных условиях при горении стабилизируются двухуровневые нитевидные кристаллы, предложен механизм их формирования. Получены компактные образцы композиционных материалов на основе нитридсодержащих керамических порошков, упрочненные нитевидными кристаллами и тугоплавкими металлами. |
| Sprog: | russisk |
| Udgivet: |
2007
|
| Serier: | Математика и механика. Физика |
| Fag: | |
| Online adgang: | http://www.lib.tpu.ru/fulltext/v/Bulletin_TPU/2007/v310/i2/17.pdf |
| Format: | MixedMaterials Electronisk Book Chapter |
| KOHA link: | https://koha.lib.tpu.ru/cgi-bin/koha/opac-detail.pl?biblionumber=172102 |
MARC
| LEADER | 00000nla2a2200000 4500 | ||
|---|---|---|---|
| 001 | 172102 | ||
| 005 | 20231031164209.0 | ||
| 035 | |a (RuTPU)RU\TPU\book\186590 | ||
| 035 | |a RU\TPU\book\186554 | ||
| 090 | |a 172102 | ||
| 100 | |a 20091210d2007 k y0rusy50 ca | ||
| 101 | 0 | |a rus | |
| 102 | |a RU | ||
| 135 | |a drnn ---uucaa | ||
| 181 | 0 | |a i | |
| 182 | 0 | |a b | |
| 200 | 1 | |a Формирование нитевидных кристаллов в промежуточных продуктах горения в воздухе нанопорошка алюминия и его смесей с нанопорошками молибдена и вольфрама |b Электронный ресурс |f Л. О. Толбанова, А. П. Ильин | |
| 203 | |a Текст |c электронный | ||
| 215 | |a 1 файл (1.9 Мб) | ||
| 225 | 1 | |a Математика и механика. Физика | |
| 230 | |a Электронные текстовые данные (1 файл : 1.9 Мб) | ||
| 300 | |a Заглавие с титульного листа | ||
| 300 | |a Электронная версия печатной публикации | ||
| 320 | |a [Библиогр.: с. 80 (9 назв.)] | ||
| 330 | |a Изучены характеристики и фазовый состав промежуточных продуктов синтеза сжиганием в воздухе смесей нанопорошков алюминия с молибденом и вольфрамом. Установлено, что в определенных условиях при горении стабилизируются двухуровневые нитевидные кристаллы, предложен механизм их формирования. Получены компактные образцы композиционных материалов на основе нитридсодержащих керамических порошков, упрочненные нитевидными кристаллами и тугоплавкими металлами. | ||
| 337 | |a Adobe Reader | ||
| 461 | 1 | |0 (RuTPU)RU\TPU\book\176237 |t Известия Томского политехнического университета [Известия ТПУ] |f Томский политехнический университет (ТПУ) |d 2000- | |
| 463 | 1 | |0 (RuTPU)RU\TPU\book\186512 |x 1684-8519 |t Т. 310, № 2 |v [С. 77-80] |d 2007 |p 269 с. | |
| 610 | 1 | |a нитевидные кристаллы | |
| 610 | 1 | |a продукты горения | |
| 610 | 1 | |a воздух | |
| 610 | 1 | |a нанопорошки | |
| 610 | 1 | |a алюминий | |
| 610 | 1 | |a смеси | |
| 610 | 1 | |a молибден | |
| 610 | 1 | |a вольфрам | |
| 610 | 1 | |a фазовый состав | |
| 610 | 1 | |a промежуточные продукты | |
| 610 | 1 | |a продукты синтеза | |
| 610 | 1 | |a сжигание | |
| 610 | 1 | |a механизмы | |
| 610 | 1 | |a образцы | |
| 610 | 1 | |a композиционные материалы | |
| 610 | 1 | |a нитридсодержащие порошки | |
| 610 | 1 | |a керамические порошки | |
| 610 | 1 | |a тугоплавкие металлы | |
| 610 | 1 | |a труды учёных ТПУ | |
| 610 | 1 | |a электронный ресурс | |
| 700 | 1 | |a Толбанова |b Л. О. |c доцент каф. общей и неорганической химии (ОНХ) ЕНМФ, ТПУ |c кандидат технических наук |g Людмила Олеговна |2 stltpush |3 (RuTPU)RU\TPU\pers\25503 | |
| 701 | 1 | |a Ильин |b А. П. |c химик |c профессор Томского политехнического университета, доктор физико-математических наук |f 1949- |g Александр Петрович |2 stltpush |3 (RuTPU)RU\TPU\pers\25487 | |
| 801 | 1 | |a RU |b 63413507 |c 20090623 |g PSBO | |
| 801 | 2 | |a RU |b 63413507 |c 20130910 |g PSBO | |
| 856 | 4 | |u http://www.lib.tpu.ru/fulltext/v/Bulletin_TPU/2007/v310/i2/17.pdf | |
| 942 | |c CF | ||